Statistics for 50 States, 50 Cities Quiz #3

Click here to take the quiz!

General Stats

  • This quiz has been taken 146 times
  • The average score is 31 of 50

Answer Stats

CityState% Correct
KSTopekaKansas
95%
GAAthensGeorgia
90%
MOJefferson CityMissouri
90%
NYIthacaNew York
89%
TXGalvestonTexas
84%
HIWaimānalo BeachHawaii
83%
IASioux CityIowa
82%
DEWilmingtonDelaware
81%
NCWinston-SalemNorth Carolina
81%
NHManchesterNew Hampshire
78%
FLGainsvilleFlorida
77%
NJCamdenNew Jersey
75%
ORBendOregon
71%
WIKenoshaWisconsin
71%
CAEurekaCalifornia
70%
INEvansvilleIndiana
69%
PAReadingPennsylvania
69%
WAYakimaWashington
68%
OKNormanOklahoma
66%
ILRockfordIllinois
64%
MNSt. CloudMinnesota
63%
OHSanduskyOhio
63%
IDTwin FallsIdaho
62%
NMTruth or ConsequencesNew Mexico
62%
ALTuskegeeAlabama
61%
AZLake Havasu CityArizona
59%
MITraverse CityMichigan
59%
MSVicksburgMississippi
59%
ARJonesboroArkansas
58%
RIWarwickRhode Island
58%
VALynchburgVirginia
58%
AKPrudhoe BayAlaska
57%
SCSumterSouth Carolina
57%
MDHagerstownMaryland
56%
WYCodyWyoming
56%
COGreeleyColorado
54%
NDMinotNorth Dakota
53%
WVHuntingtonWest Virginia
53%
CTNew BritainConnecticut
52%
TNClarksvilleTennessee
52%
UTSt. GeorgeUtah
50%
LANatchitochesLouisiana
49%
NVParadiseNevada
47%
NEOgallalaNebraska
45%
MEBiddefordMaine
44%
MABarnstableMassachusetts
43%
VTRutlandVermont
43%
KYElizabethtownKentucky
42%
MTMiles CityMontana
39%
SDKeystoneSouth Dakota
37%

Score Distribution

Percentile by Number Answered

Percent of People with Each Score

Your Score History

You have not taken this quiz